Normal view
MARC view
Entry Topical Term
001 - CONTROL NUMBER
- control field: 9880
003 - CONTROL NUMBER IDENTIFIER
- control field: BD-RjUL
005 - DATE AND TIME OF LATEST TRANSACTION
- control field: 20231102120246.0
008 - FIXED-LENGTH DATA ELEMENTS
- fixed length control field: 231102|| aca||aabn | a|a d
040 ## - CATALOGING SOURCE
- Original cataloging agency: BD-RjUL
- Transcribing agency: BD-RjUL
150 ## - HEADING--TOPICAL TERM
- Topical term or geographic name entry element: Education of princes
670 ## - SOURCE DATA FOUND
- Source citation: Work cat.: (BD-RjUL)82234: Keikāvūs ebn-e-Eskandar ibn Qābūs, ʻUnṣur al-Maʻālī,کيکاووس بن اسکندر بن قابوس، عنصر المعالى،. 1021 or 1022-1098 or 1099. 9877, گزيدۀ قابوسنامه / Guzīdah-ʼi Qābūsʹnāmah /, 1353 [1974]